| 000 | 01103nam a22004572 4500 | ||
|---|---|---|---|
| 001 | 0000019146 | ||
| 003 | |||
| 005 | 20151217155224.0 | ||
| 008 | 101013s xx 000 0 eng d | ||
| 010 | _a | ||
| 020 |
_a9780195724134 : _cKES1,276 |
||
| 040 |
_aKABU _cKABU |
||
| 041 | 1 |
_a _b _h |
|
| 100 | 1 |
_aFinnegan, Ruth, _d _@0000178800 |
|
| 240 | 1 | _a | |
| 245 | 1 | 0 |
_aOral literature in Africa : _b _c |
| 246 | 3 | _a | |
| 250 | _a ed. | ||
| 260 |
_aNairobi : _bOxford University Press, _cc1970. |
||
| 300 |
_axviii, 558 p. : _b _c |
||
| 440 | 0 | _a | |
| 500 | _a | ||
| 504 | _aIncludes bibliographical references and index. | ||
| 505 | 0 | _a | |
| 520 | _a | ||
| 521 | 2 | _a | |
| 590 | _a | ||
| 591 |
_a _b |
||
| 600 | 1 | 0 |
_a _d |
| 610 | 2 | 0 |
_a _b |
| 650 | 0 |
_aFolk literature, Africa _xHistory and criticism. _@0000152115 |
|
| 650 | 0 |
_aOral tradition _x _zAfrica. _@0000178801 |
|
| 651 | 0 |
_a _x |
|
| 690 | _a | ||
| 700 | 1 | 0 |
_a _d |
| 710 | 2 |
_a _b |
|
| 740 | 0 | 2 | _a |
| 908 | _a101013 | ||
| 999 |
_c12084 _d12084 |
||